000 00474nam a2200181Ia 4500
003 GCL
008 140319s9999 xx 000 0 eng d
040 _aGCL /
_cGCL
082 0 4 _a615.1
_bR A
100 1 _aREES, JOHN
245 1 0 _aAIDS TO CLINICAL PHARMACOLOGY AND THERAPEUTICS, 3RD ED /
_cREES, JOHN
700 1 _aRITTER, JAMES
700 1 _aSPECTOR, ROY
260 _a[S.N] :
_bCHURCHILL LIVINGSTONE
650 0 4 _aPHARMACOLOGY
650 0 4 _aDRUGS
942 _2ddc
_cBK
999 _c21238
_d21238